000 00812cam a2200241 a 4500
003 CO-ViMGA
005 20230915224410.0
008 980423s1997 ck r 00011dspa d
020 _a9789583004018
040 _aCO-ViMGA
_bspa
_cCO-ViMGA
043 _ae-uk-en
082 0 4 _a822.33 S41r8
_219 ed.
100 1 _aShakespeare, William,
_d1564-1616.
_93749
245 1 3 _aEl rey Lear /
_cWilliam Shakespeare ; traducción Jorge Plata.
250 _aEdición Gabriel Silva, Ricardo Rendón López.
260 _aSanta Fe de Bogotá :
_bPanamericana Editorial,
_c1997.
300 _a157 p. ;
_c21 cm.
650 1 4 _aTeatro inglés.
_93750
700 1 _aPlata, Jorge,
_etr.
_93751
700 1 _aRendón López, Ricardo,
_eed.
_93753
700 1 _aSilva Rincón, Gabriel,
_d1955-,
_eed.
_97300
942 _2ddc
_cBK
999 _c2889
_d2889